[Event "Sachsen-Anhalt-ch op"]
[Site "Magdeburg"]
[Date "2021.10.31"]
[Round "7"]
[White "Roether, Tobias"]
[Black "Loebel, Richard"]
[Result "1-0"]
[WhiteElo "1058"]
[BlackElo "1422"]
[PlyCount "91"]
[EventDate "2021.10.28"]
[EventType "swiss"]
[EventRounds "7"]
[EventCountry "GER"]
[SourceTitle "CBM 205 Extra"]
[Source "ChessBase"]
[SourceDate "2022.01.31"]
[SourceVersion "1"]
[SourceVersionDate "2022.01.31"]
[SourceQuality "1"]

1. e4 c5 2. Nc3 e6 3. f4 d5 4. Nf3 Nc6 5. Bb5 a6 6. Bxc6+ bxc6 7. d3 Nf6 8. 0-0 Be7 9. Qe1 Qc7 10. e5 Nd7 11. Qg3 Bf8 12. Re1 Nb6 13. a4 d4 14. Ne4 Nd5 15. c4 Nb4 16. Rd1 Bd7 17. Nd6+ Bxd6 18. exd6 Qxd6 19. Qxg7 Qf8 20. Qe5 0-0-0 21. Bd2 f6 22. Qe2 a5 23. Bxb4 axb4 24. a5 Kc7 25. Ra4 Ra8 26. Rda1 Ra6 27. Nd2 Rg8 28. Ne4 f5 29. Nd2 Kb7 30. Nb3 Qd6 31. Qe5 Kc7 32. Nxc5 Ra7 33. Rxb4 Rga8 34. Rb7+ Rxb7 35. Qxd6+ Kxd6 36. Nxb7+ Kc7 37. Nc5 Kd6 38. b4 Be8 39. Kf2 e5 40. fxe5+ Kxe5 41. Re1+ Kd6 42. Re6+ Kc7 43. Re7+ Kd6 44. Rxh7 Rb8 45. Rb7 Ra8 46. a6 1-0

[Event "Sachsen-Anhalt-ch op"]
[Site "Magdeburg"]
[Date "2021.10.30"]
[Round "6"]
[White "Loebel, Richard"]
[Black "Urban, Tom"]
[Result "0-1"]
[WhiteElo "1422"]
[BlackElo "1577"]
[PlyCount "105"]
[EventDate "2021.10.28"]
[EventType "swiss"]
[EventRounds "7"]
[EventCountry "GER"]
[SourceTitle "CBM 205 Extra"]
[Source "ChessBase"]
[SourceDate "2022.01.31"]
[SourceVersion "1"]
[SourceVersionDate "2022.01.31"]
[SourceQuality "1"]

1. d4 e6 2. Bf4 d5 3. e3 c5 4. c3 Nc6 5. Nd2 Nf6 6. Bd3 Be7 7. Ngf3 Qb6 8. Qb3 c4 9. Qxb6 axb6 10. Bc2 Nh5 11. Bg3 Nxg3 12. hxg3 h6 13. 0-0 0-0 14. b3 b5 15. b4 Bd7 16. e4 Bxb4 17. cxb4 Nxb4 18. Bb1 c3 19. Nb3 c2 20. exd5 exd5 21. Nc5 Bc6 22. Ne5 Ra3 23. Nb3 cxb1Q 24. Raxb1 Nxa2 25. Ra1 Rfa8 26. Nxc6 bxc6 27. Nc1 Nc3 28. Rxa3 Rxa3 29. Re1 Ra1 30. Kf1 Kf8 31. Nd3 Rxe1+ 32. Kxe1 Ke7 33. Nb4 Kd6 34. Kd2 Ne4+ 35. Ke3 c5 36. dxc5+ Kxc5 37. Nd3+ Kc4 38. Ne5+ Kc3 39. Nxf7 b4 40. Ne5 b3 41. Nd3 b2 42. Nxb2 Kxb2 43. Kd4 Nf6 44. f3 g5 45. Ke5 Kc3 46. f4 d4 47. Kxf6 d3 48. f5 d2 49. Kg7 d1Q 50. f6 Qd4 51. Kg6 Kc4 52. f7 Qh8 53. f8N 0-1

[Event "Sachsen-Anhalt-ch op"]
[Site "Magdeburg"]
[Date "2021.10.29"]
[Round "3"]
[White "Loebel, Richard"]
[Black "Kuehne, Juergen"]
[Result "1/2-1/2"]
[WhiteElo "1422"]
[BlackElo "1588"]
[PlyCount "71"]
[EventDate "2021.10.28"]
[EventType "swiss"]
[EventRounds "7"]
[EventCountry "GER"]
[SourceTitle "CBM 205 Extra"]
[Source "ChessBase"]
[SourceDate "2022.01.31"]
[SourceVersion "1"]
[SourceVersionDate "2022.01.31"]
[SourceQuality "1"]

1. d4 f5 2. Nf3 e6 3. Bf4 Nf6 4. e3 Be7 5. c4 0-0 6. Nc3 Bb4 7. a3 Bxc3+ 8. bxc3 Ne4 9. Qc2 Nc6 10. Bd3 d5 11. cxd5 exd5 12. Ne5 Na5 13. c4 Be6 14. c5 b6 15. f3 g5 16. fxe4 fxe4 17. Bxe4 dxe4 18. Bg3 Qd5 19. c6 Rac8 20. Bf2 Nb3 21. Rb1 Qa5+ 22. Kd1 Qxa3 23. Be1 Bd5 24. Nd7 Rf7 25. Ne5 Rf6 26. Qb2 Qa4 27. Ke2 Bc4+ 28. Nxc4 Qxc4+ 29. Kd1 Qd3+ 30. Bd2 Rf2 31. Qxb3+ Qxb3+ 32. Rxb3 Rxg2 33. Bc3 Rd8 34. Rb2 Rxb2 35. Bxb2 Rd6 36. Rg1 1/2-1/2